000 00702cam a2200265 4500500
005 20260405003214.0
041 _afre
042 _adc
100 1 0 _aGastineau, Nicolas
_eauthor
245 0 0 _aPolice : pas vu pas pris ?
260 _c2020.
500 _a44
690 _aDroit
690 _aLoi
690 _aPanoptique
690 _aPolice
690 _aPouvoir
690 _aRegard
690 _aSurveillance
690 _aVidéo
690 _aViolence
690 _aVisage
786 0 _nPhilosophie magazine | 145 | 1 | 2020-12-01 | p. 14-15 | 1951-1787
856 4 1 _uhttps://shs.cairn.info/magazine-philosophie-magazine-2020-12-1-page-14?lang=fr&redirect-ssocas=7080
999 _c2065355
_d2065356